000 00921cam a22002651i 4500
001 6992
003 BD-RjUL
005 20211208234341.0
008 140113t1950 enk b 001 0 eng
035 _a(BD-RjUL)7034
035 _a(OCoLC)3421408
040 _aDLC
_cAzFU
_dAzFU
_dOCoLC
_dUk
_dOCoLC
_dDLC
_dBD-RjUL
_beng
041 _aeng
082 0 0 _a370.10924
_216
_bCOE 1950
100 1 _aConnell, W. F.
_q(William Fraser),
_d1916-
_921924
245 1 4 _aThe educational thought and influence of Matthew Arnold /
_cby W. F. Connell. With an introd. by Sir Fred Clarke.
260 _aLondon :
_bRoutledge & K. Paul,
_c1950
300 _axvi, 304 p. ;
_c23 cm.
490 0 _aInternational library of sociology and social reconstruction
504 _aBibliographical reference and index.
600 1 0 _aArnold, Matthew,
_d1812-1818
_xInfluence.
_921928
942 _2ddc
_cBK
999 _c6992
_d6992